000
00230nam a22000857a 4500
008
160816b xxu||||| |||| 00| 0 eng d
100
_9
135
_a
Chhibber S.N
245
_a
Basic Mathematics-VIII
260
_a
New Delhi
_b
Frank publication
_c
2012
999
_c
2790
_d
2790